Ιστορία της Μακεδονίας

Αποθηκεύτηκε σε:
Λεπτομέρειες βιβλιογραφικής εγγραφής
Κύριος συγγραφέας: Hammond, N. G. L. (Nicholas Geoffrey Lempriere), 1907-2001
Άλλοι συγγραφείς: Walbank, F. W. (Frank William), 1909-2008, Κοσμόπουλος, Αλέξανδρος Β. (Μεταφραστής), Γεωργιάδης, Θανάσης (Επιμελητής έκδοσης)
Μορφή: Βιβλίο
Γλώσσα:Greek
English
Δημοσίευση: Αθήνα : Παπαδήμας, 1995.
Θέματα:
Ετικέτες: Προσθήκη ετικέτας
Δεν υπάρχουν, Καταχωρήστε ετικέτα πρώτοι!

MARC

LEADER 00000cam a2200000 i 4500
001 1/16172
008 980428s1995 gr | ||| |||| ||gre||
020 |a 960239207X (set) 
020 |a 960239210X (τ.3) 
020 |a 9602392088 (τ.1) 
035 |l 10020102 
040 |a GR-MyUA  |b gre  |e AACR2 
041 1 |a gre  |h eng 
082 0 |a 938.94 
100 1 |a Hammond, N. G. L.   |q (Nicholas Geoffrey Lempriere),   |d 1907-2001. 
245 1 0 |a Ιστορία της Μακεδονίας /   |c N. G. L. Hammond; F. W. Walbank ; γενική επιμέλεια: Θανάσης Γεωργιάδης ; μετάφραση Μαίρη Χαλκιοπούλου, Γιώργος Φωτιάδης, Θανάσης Γεωργιάδης, Αλέξανδρος Κοσματόπουλος.  
260 |a Αθήνα :   |b Παπαδήμας,   |c 1995.  
300 |a 648 σ. (τ.1.); 803 σ.(τ.3.)  
504 |a Περιέχει βιβλιογραφία και ευρετήριο.  
505 0 |a Τόμος 3: (336-167 π.Χ)Τόμος 1: Ιστορική γεωγραφία και προϊστορία.  
651 0 |a Macedonia  |x History. 
700 1 |a Walbank, F. W.   |q (Frank William),   |d 1909-2008. 
700 1 |a Κοσμόπουλος, Αλέξανδρος Β.  |e trl 
700 1 |a Γεωργιάδης, Θανάσης,  |e edt 
765 0 8 |i Μετάφραση του:   |t A history of Macedonia /  
852 |a INST  |b LESVOS  |e 19980428  |h 938.94 HAM  |p 005100013761  |q 005100013761  |t BK  |y 0  |z τ.3 
852 |a INST  |b LESVOS  |e 19980428  |h 938.94 HAM  |p 005100013762  |q 005100013762  |t BK  |y 0  |z τ.1. 
852 |a INST  |b LESVOS  |e 19980428  |h 938.94 HAM  |p 005100013761  |q 005100013761  |t BK  |v τ.3:  |y 0  |z τ.3 
852 |a INST  |b LESVOS  |e 19980428  |h 938.94 HAM  |p 005100013762  |q 005100013762  |t BK  |v τ.1.:  |y 0  |z τ.1. 
853 |a INST  |b LESVOS  |h 938.94 HAM 
901 |a BIBL-1998-2 
909 |a Λ  |b 055202 
909 |a Λ  |b 055201 
922 |a 1ΕΛΗ  |b 199805  |c ΚΠΣ/ΤΚΑ  |d EMVASIS 
950 |a 117-1998-01-28